|
|
|
|
| LEADER |
02301nam a2200505 a 4500 |
| 001 |
mzk03001198741 |
| 003 |
CZ BrMZK |
| 005 |
20140424112540.0 |
| 007 |
ta |
| 008 |
140424s1751 xr f |||| 0 lat d |
| 040 |
|
|
|a BOA001
|b cze
|
| 043 |
|
|
|a e-xr---
|b e-xr-ol
|
| 072 |
|
7 |
|a 27-9
|x Dějiny křesťanské církve
|2 Konspekt
|9 5
|
| 072 |
|
7 |
|a 094
|x Staré tisky
|2 Konspekt
|9 12
|
| 080 |
|
|
|a 27-9
|2 MRF
|
| 080 |
|
|
|a 271.4/273.2
|2 MRF
|
| 080 |
|
|
|a 025.171
|2 MRF
|
| 080 |
|
|
|a (437.325)
|2 MRF
|
| 080 |
|
|
|a (0.068)094
|2 MRF
|
| 100 |
1 |
|
|a Ruebner, Adam Arnošt,
|d 1715-1758
|7 ola2008419266
|4 aut
|
| 245 |
1 |
0 |
|a MEMORIALE SAECULORUM SEU TER SECUNDUM GRADICENSIS ECCLESIAE JUBILAEUM SUB Glorioso Regimine PAULI FERDINANDI LVI. ABBATIS, ET VISITATORIS GENERALIS, SS. Theologiae Doctoris, & Proto-Notarij Apostolici. Praesulis, ac Patris electe jubilaei. Candido-historice compilatum a P. ADAMO ERNESTO RUEBNER, Canonico Praemonstratensi, Proffeso Gradicensi
|
| 260 |
|
|
|a Oppaviae :
|b typis Joannis Wenceslai Schindler, Typogr. Privil.,
|c 1751
|
| 300 |
|
|
|a [14], 371, [3] s. ;
|c 8°
|
| 500 |
|
|
|a Výzdoba: Linky, typografické ozdoby, iniciály, verzálky, viněty
|
| 561 |
|
|
|a Provenience: Exlibris se studujícím mnichem
|
| 561 |
|
|
|a Provenience: Rajhradské znakové exlibris
|
| 563 |
|
|
|a Celousňová vazba, lepenkové desky potažené hovězinou, zlacení na hřbetě, červeně stříkaná ořízka
|
| 650 |
|
7 |
|a katolické církve
|7 ph311258
|2 czenas
|
| 650 |
|
7 |
|a církevní dějiny
|z země Koruny české
|7 ph114283
|2 czenas
|
| 650 |
|
7 |
|a historické knihovní fondy
|7 ph172933
|2 czenas
|
| 655 |
|
7 |
|a staré tisky
|7 fd422076
|2 czenas
|
| 610 |
2 |
7 |
|a Klášter Hradisko
|7 olak2007365882
|2 czenas
|
| 651 |
|
7 |
|a Klášterní Hradisko (Olomouc, Česko)
|7 xx0117985
|2 czenas
|
| 700 |
1 |
|
|a Václavík, Pavel Ferdinand,
|d 1700-1784
|7 jk01141045
|4 hnr
|
| 856 |
4 |
1 |
|u https://imageserver.mzk.cz/mzk03/001/198/741/328100213346.titul.jp2
|y Titulní list
|
| 903 |
|
|
|a RP
|
| 910 |
|
|
|e BOE950
|c R - L. I. d. 10
|
| 978 |
|
|
|b Schindler, Jan Václav ml.
|a Opava
|c 1751
|
| 982 |
0 |
|
|a Rajhrad - benediktinský klášter
|
| 984 |
|
|
|a Opava
|b Česko
|
| 985 |
|
|
|a 1751-1800
|
| 990 |
|
|
|a BK
|
| 996 |
|
|
|e BOE950
|c R - L. I. d. 10
|
| 980 |
|
|
|c 213346
|g R - L. I. d. 10
|1 328100213346
|p BNr: 5033
|
| 991 |
|
|
|k rajhrad
|